[Event "Salou op U2300 3rd"]
[Site "Salou"]
[Date "2018.04.29"]
[Round "3"]
[White "Iglesias Fernandez, Luis"]
[Black "Alvarez Albiol, Daniel"]
[Result "1-0"]
[WhiteElo "1854"]
[BlackElo "1681"]
[PlyCount "107"]
[EventDate "2018.04.28"]
[EventType "swiss"]
[EventRounds "7"]
[EventCountry "ESP"]
[SourceTitle "CBM 184 Extra"]
[Source "ChessBase"]
[SourceDate "2018.06.28"]
[SourceVersion "1"]
[SourceVersionDate "2018.06.28"]
[SourceQuality "1"]

1. d4 d5 2. Nf3 Nf6 3. e3 Bg4 4. Nbd2 e6 5. Bd3 Bd6 6. 0-0 0-0 7. e4 dxe4 8. Nxe4 Nc6 9. Nxd6 Qxd6 10. c3 e5 11. Be2 exd4 12. Nxd4 Bxe2 13. Nxe2 Qxd1 14. Rxd1 Rad8 15. Bg5 Rxd1+ 16. Rxd1 Rd8 17. Rxd8+ Nxd8 18. Nd4 c6 19. f3 Ne6 20. Bxf6 gxf6 21. Nf5 Nc5 22. Ne3 Nd3 23. Nd1 b6 24. Kf1 Kf8 25. Ke2 Nf4+ 26. Kf2 Nd5 27. g3 b5 28. Ne3 Nxe3 29. Kxe3 c5 30. Ke4 Ke7 31. Kd5 c4 32. Kc5 a6 33. Kb6 Kd6 34. Kxa6 Kc6 35. Ka5 Kc5 36. a4 bxa4 37. Kxa4 f5 38. Ka5 h6 39. Ka4 f6 40. b4+ cxb3 41. Kxb3 h5 42. c4 f4 43. Kc3 fxg3 44. hxg3 f5 45. f4 Kc6 46. Kd4 Kd6 47. c5+ Ke6 48. Kc4 Kf6 49. c6 Ke6 50. Kc5 Ke7 51. Kd5 Kd8 52. Kd6 Kc8 53. c7 h4 54. gxh4 1-0

[Event "Alzira Christmas 5th"]
[Site "Alzira"]
[Date "2015.12.30"]
[Round "7.9"]
[White "Carbonell Sancho, Marc"]
[Black "Alvarez Albiol, Daniel"]
[Result "1-0"]
[WhiteElo "1893"]
[BlackElo "1346"]
[PlyCount "43"]
[EventDate "2015.12.28"]
[EventType "swiss"]
[EventRounds "7"]
[EventCountry "ESP"]
[SourceTitle "EXT 2024"]
[Source "ChessBase"]
[SourceDate "2023.10.10"]
[SourceVersion "1"]
[SourceVersionDate "2023.10.10"]
[SourceQuality "1"]

1. e4 c5 2. Nf3 d6 3. d4 cxd4 4. Nxd4 Nf6 5. Nc3 g6 6. Be3 Bg7 7. f3 0-0 8. Qd2 Nc6 9. g4 Bd7 10. 0-0-0 Rc8 11. h4 Qa5 12. Nb3 Qc7 13. h5 Ne5 14. Be2 a6 15. hxg6 fxg6 16. g5 Ne8 17. Nd5 Qd8 18. Bb6 Nc7 19. Nxc7 Rxc7 20. Bxc7 Qxc7 21. f4 Nc4 22. Qd5+ 1-0

[Event "Foment Martinenc op-C 17th"]
[Site "Barcelona"]
[Date "2015.05.16"]
[Round "4"]
[White "Montilla Rodriguez, Jose Luis"]
[Black "Alvarez Albiol, Daniel"]
[Result "0-1"]
[WhiteElo "1737"]
[BlackElo "1808"]
[PlyCount "82"]
[EventDate "2015.04.25"]
[EventType "swiss"]
[EventRounds "9"]
[EventCountry "ESP"]
[SourceTitle "EXT 2017"]
[Source "ChessBase"]
[SourceDate "2016.10.25"]
[SourceVersion "1"]
[SourceVersionDate "2016.10.25"]
[SourceQuality "1"]

1. e4 c5 2. Nf3 d6 3. Nc3 Nf6 4. Bc4 g6 5. d3 Bg7 6. h3 0-0 7. Be3 Nc6 8. 0-0 Bd7 9. Qd2 a6 10. a3 b5 11. Bb3 Rc8 12. Bh6 Ne5 13. Nxe5 dxe5 14. Bxg7 Kxg7 15. Qg5 Qc7 16. Nd5 Nxd5 17. exd5 f6 18. Qd2 c4 19. dxc4 bxc4 20. Ba2 c3 21. bxc3 Qxc3 22. Qxc3 Rxc3 23. Bb3 Bf5 24. Rfc1 Bxc2 25. Rxc2 Rxb3 26. a4 Rd3 27. Rc5 Rd8 28. Rac1 R3xd5 29. Rc7 Rd1+ 30. Rxd1 Rxd1+ 31. Kh2 Kf7 32. Kg3 Rd3+ 33. f3 Rd4 34. Rc8 Rxa4 35. h4 a5 36. Ra8 Ra1 37. Kf2 a4 38. g3 a3 39. f4 a2 40. fxe5 Rh1 41. Kg2 a1Q 0-1

[Event "Foment Martinenc op-C 16th"]
[Site "Barcelona"]
[Date "2014.06.14"]
[Round "8"]
[White "Alvarez Albiol, Daniel"]
[Black "Granollers Colom, Albert"]
[Result "0-1"]
[WhiteElo "1789"]
[BlackElo "1718"]
[PlyCount "48"]
[EventDate "2014.04.26"]
[EventType "swiss"]
[EventRounds "9"]
[EventCountry "ESP"]
[SourceTitle "EXT 2015"]
[Source "ChessBase"]
[SourceDate "2014.11.20"]
[SourceVersion "1"]
[SourceVersionDate "2014.11.20"]
[SourceQuality "1"]

1. d4 d5 2. Nf3 e6 3. e3 Nf6 4. Bd3 Bd6 5. 0-0 Nc6 6. b3 e5 7. dxe5 Nxe5 8. Bb2 Qe7 9. Qe2 Bg4 10. Nbd2 0-0 11. Rae1 c5 12. c4 Rad8 13. Bb1 Rfe8 14. Bxe5 Bxe5 15. Rd1 Bc3 16. Rfe1 Ne4 17. cxd5 Nxd2 18. Rxd2 Bxd2 19. Qxd2 Bxf3 20. gxf3 Qg5+ 21. Kh1 Rxd5 22. Qc2 Qh4 23. Rg1 Qh3 24. Rg2 Red8 0-1

[Event "Foment Martinenc op-C 16th"]
[Site "Barcelona"]
[Date "2014.05.31"]
[Round "6"]
[White "Alvarez Albiol, Daniel"]
[Black "Garcia Castany, Jose"]
[Result "1-0"]
[WhiteElo "1789"]
[BlackElo "1704"]
[PlyCount "105"]
[EventDate "2014.04.26"]
[EventType "swiss"]
[EventRounds "9"]
[EventCountry "ESP"]
[SourceTitle "EXT 2015"]
[Source "ChessBase"]
[SourceDate "2014.11.20"]
[SourceVersion "1"]
[SourceVersionDate "2014.11.20"]
[SourceQuality "1"]

1. e4 c5 2. Nc3 Nc6 3. g3 d6 4. Bg2 e6 5. d3 Nd4 6. Be3 Ne7 7. Qd2 Nec6 8. Nge2 Nxe2 9. Nxe2 Rb8 10. 0-0 Be7 11. Rfe1 0-0 12. c4 Bf6 13. d4 cxd4 14. Nxd4 Nxd4 15. Bxd4 Bxd4 16. Qxd4 Qb6 17. Qxb6 axb6 18. Rad1 Ra8 19. a3 Ra4 20. Rxd6 Rxc4 21. Rxb6 Rd8 22. e5 Rd7 23. Rd6 Rxd6 24. exd6 Rd4 25. Rc1 Bd7 26. Bxb7 h6 27. Bc8 Rxd6 28. Bxd7 Rxd7 29. Rc8+ Kh7 30. a4 Rd1+ 31. Kg2 Ra1 32. Ra8 Rb1 33. Rb8 Ra1 34. b3 Ra3 35. Kf3 Kg6 36. Ke3 Kf5 37. Rb5+ Kg6 38. a5 f5 39. f4 Kf6 40. h4 Ra2 41. h5 g5 42. hxg6 Kxg6 43. Re5 Kf6 44. b4 Ra3+ 45. Kf2 Ra2+ 46. Re2 Ra4 47. Rb2 e5 48. fxe5+ Kxe5 49. Kf3 Ra3+ 50. Kg2 Ke4 51. Rf2 Ke5 52. Rf3 h5 53. Rxa3 1-0